000 00366nam a2200145Ia 4500
005 20251222143141.0
008 251222s9999||||xx |||||||||||||| ||spa||
020 _a8486558735
082 _a342.460.2/F43
100 _aFerrando Badia, Juan
245 0 _aEstructura Interna de la Constitución:
250 _a2a. ed.
264 _bTirant lo Blanch
942 _cLIB
999 _c12308
_d12308